00489nam a2200205 a 4500001001300000003000900013005001700022008004100039020001000080082001500090100001500105245002300120260003500143300000900178500003500187505001000222650002300232650001300255700001500268nice12345678IN_TiNIC20260116011436.0050524s1940 sika grp 000 0 eng  ac10000a275.4bMCB aMcbridge,  aSikandra 1840-1940 aSikandrabSikandra Pressc1940 a227p aincludes index and biblioraphy2 aIndex aChristianity-India aSikandar1 aMcbridge,